[Event "Campo Grande Brasil op"]
[Site "Campo Grande"]
[Date "2015.10.10"]
[Round "2"]
[White "Okamura Miyashita, Endy Lumy"]
[Black "Lemos, Camila De Oliveira"]
[Result "0-1"]
[WhiteElo "1800"]
[BlackElo "1700"]
[PlyCount "92"]
[EventDate "2015.10.09"]
[EventType "swiss"]
[EventRounds "7"]
[EventCountry "BRA"]
[SourceTitle "CBM 168 Extra"]
[Source "ChessBase"]
[SourceDate "2015.10.29"]
[SourceVersion "1"]
[SourceVersionDate "2015.10.29"]
[SourceQuality "1"]

1. Nf3 Nc6 2. g3 e5 3. Bg2 e4 4. Nh4 d5 5. d3 f5 6. dxe4 fxe4 7. 0-0 Be7 8. Nc3 Be6 9. f4 Bxh4 10. Rf2 Be7 11. f5 Bf7 12. e3 Nf6 13. Kh1 Ne5 14. Bd2 Nfg4 15. Re2 Qd7 16. Be1 Nf6 17. b4 Bh5 18. Qd2 Bxe2 19. Qxe2 Bxb4 20. Nd1 Bxe1 21. Qxe1 0-0 22. Qe2 Qxf5 23. Nc3 Qg4 24. Qf2 c6 25. h3 Qh5 26. h4 Nfg4 27. Qe2 Nf2+ 28. Kh2 Qh6 29. a4 g5 30. Bh3 Nxh3 31. hxg5 Nxg5+ 32. Kg1 Nef3+ 33. Kg2 Qh3+ 34. Kf2 Nd4+ 35. Ke1 Nxe2 36. Nxe2 Qf1+ 37. Kd2 Nf3+ 38. Kc3 Qxe2 39. Kb4 Qc4+ 40. Ka3 b5 41. Rb1 Qxa4+ 42. Kb2 Nd2 43. Rd1 Nc4+ 44. Kb1 Rf2 45. g4 Qxc2+ 46. Ka1 Qa2# 0-1